Central Library OPAC University of Rajshahi

The life of the Buddha and the early history of his order : (Record no. 32137)

MARC details
000 -LEADER
fixed length control field 00965nam a2200253 a 4500
001 - CONTROL NUMBER
control field 32137
003 - CONTROL NUMBER IDENTIFIER
rucl marc code BD-RjUL
005 - DATE AND TIME OF LATEST TRANSACTION
control field 20211209051807.0
008 - FIXED-LENGTH DATA ELEMENTS--GENERAL INFORMATION
fixed length control field 140423s1972 ii b 001 0beng d
035 ## - SYSTEM CONTROL NUMBER
System control number (BD-RjUL)32226
040 ## - CATALOGING SOURCE
Original cataloging agency C
Transcribing agency C
Modifying agency CStRLIN
-- UkOxU
-- BD-RjUL
Language of cataloging eng
041 ## - LANGUAGE CODE
Language code of text/sound track or separate title eng
082 04 - DEWEY DECIMAL CLASSIFICATION NUMBER
Edition number 23
Classification number 294.3
Author mark and year LIF 1972
245 04 - TITLE STATEMENT
Title The life of the Buddha and the early history of his order :
Remainder of title derived from Tibetan works in the Bkah-hgyur and Bstan-hgyur : followed by notices on the early history of Tibet and Khoten /
Statement of responsibility, etc. translated by W.Woodville Rockhill.
260 ## - PUBLICATION, DISTRIBUTION, ETC. (IMPRINT)
Place of publication, distribution, etc. India :
Name of publisher, distributor, etc. Orientalia Indica,
Date of publication, distribution, etc. 1972.
300 ## - PHYSICAL DESCRIPTION
Pagination xii, 273 p. ;
Size 22 cm.
490 1# - SERIES STATEMENT
Series statement Trübner's oriental series
504 ## - BIBLIOGRAPHY, ETC. NOTE
Bibliography, etc Includes bibliographical references and index.
600 00 - SUBJECT ADDED ENTRY--PERSONAL NAME
Personal name Gautama Buddha.
650 #0 - SUBJECT ADDED ENTRY--TOPICAL TERM
Topical term or geographic name as entry element Buddhism
Geographic subdivision India.
9 (RLIN) 97812
700 1# - ADDED ENTRY--PERSONAL NAME
Personal name Rockhill, William Woodville,
Dates associated with a name 1854-1914.
830 #0 - SERIES ADDED ENTRY--UNIFORM TITLE
Uniform title Trübner's oriental series
942 ## - ADDED ENTRY ELEMENTS (KOHA)
Source of classification or shelving scheme Dewey Decimal Classification
Koha item type Books
Holdings
Lost status Source of classification or shelving scheme Damaged status Not for loan Collection code Permanent Location Current Location Shelving location Date acquired Source of acquisition Total Checkouts Full call number Date last seen Copy number Koha item type
  Dewey Decimal Classification   Not For Loan Non-fiction Central Library, University of Rajshahi Central Library, University of Rajshahi Reading Room 09/07/1974 India Govt., Gift   294.3 LIF 1972 23/04/2014 C-1 Books